[Event "Mistrzostwa Polski Juniorow do lat 16 - Chlopcy"]
[Site "Jastrzebia Gora"]
[Date "1899-12-30"]
[Round "3.4"]
[White "Raczek, Krzysztof"]
[Black "Jaskiewicz, Kacper"]
[Result "1/2-1/2"]
[WhiteTitle "k"]
[BlackTitle "I+"]
[WhiteElo "2186"]
[BlackElo "2027"]

1. c4 Nf6 2. Nc3 g6 3. g3 Bg7 4. Bg2 d6 5. e3 e5 6. Nge2 O-O 7. O-O Nc6 8. Rb1
a5 9. a3 Be6 10. Nd5 Ne7 11. Nec3 c6 12. Nxe7+ Qxe7 13. d3 Rfd8 14. Bd2 h6 15.
Qe2 Ne8 16. Rfc1 f5 17. Na4 Ra6 18. c5 Ra7 19. Qe1 dxc5 20. Nxc5 a4 21. Ba5 Rb8
22. Nxa4 Nd6 23. Nb6 Ba2 24. Ra1 Qe6 25. Bb4 Bf8 26. Bf1 Rd8 27. d4 exd4 28. Bxd6
d3 29. Bxd3 Rxd6 30. Qe2 Bd5 31. Nxd5 cxd5 32. Rc7 Rc6 33. Rc1 Ra8 34. Qd2 Rc8
35. Rxc8 Qxc8 36. Rd1 Kh7 37. Bb1 Bg7 38. Ba2 d4 39. exd4 Rc2 40. Qd3 Rxb2 41.
Bd5 Rb6 42. Bf3 Qd7 43. d5 Bf8 44. Rd2 Qa4 45. Rc2 Qxa3 46. Rc7+ Kg8 47. Qe2 Qd6
48. Qe6+ Qxe6 49. dxe6 Bd6 50. Rf7 Rb5 51. Bxb7 Re5 52. Bc8 Bc5 53. Kf1 h5 54.
f4 Re4 55. Kg2 Re2+ 56. Kh3 Bg1 57. Kh4 Bxh2 58. Kg5 Bxg3 59. Rf6 Kh7 60. Rf7+
Kg8 61. Rd7 Kf8 62. Rh7 Kg8 63. Kxg6 Bxf4 64. Rxh5 Bc1 65. Rxf5 Bb2 66. Rb5 Kf8
67. Rb7 Ba3 68. Bd7 Re3 69. Kf6 Be7+ 70. Kg6 Ba3 71. Kf5 Ke7 72. Ba4+ Kd8 73.
Rd7+ Kc8 74. Bc6 Bb4 75. Bb7+ Kb8 76. Ba6 Ba3 77. Kf6 Ka8 78. Kf5 Kb8 79. Bb7
Rc3 80. Be4 Rc7 81. Rd8+ Rc8 82. Rd3 Bc5 83. Rb3+ Ka7 84. Kg6 Rc7 85. Kh5 Ka6
86. Bg6 Rb7 87. Rc3 Kb6 88. Be8 Rh7+ 89. Kg6 Rh4 90. Bd7 Re4 91. Bc8 Bb4 92. Rc2
Bc5 93. Kf7 Re5 94. Ke8 Kc7 95. Bd7 Kd6 96. Rd2+ Kc7 97. Rc2 Kd6 98. Kd8 Bb6+
99. Ke8 Bc5 100. Bc8 Kc7 101. Bd7 Kd6 102. Kf7 Rf5+ 103. Ke8 Ke5 1/2-1/2

[Event "Mistrzostwa Polski Juniorow do lat 16 - Chlopcy"]
[Site "Jastrzebia Gora"]
[Date "1899-12-30"]
[Round "3.5"]
[White "Demski, Michal"]
[Black "Meers, Hubert"]
[Result "1/2-1/2"]
[WhiteTitle "I+"]
[BlackTitle "k"]
[WhiteElo "2009"]
[BlackElo "2150"]

1. c4 b6 2. Nc3 Bb7 3. Nf3 Nf6 4. d4 e6 5. e3 Bb4 6. Be2 O-O 7. O-O c5 8. Qc2 Bxc3
9. bxc3 Qc7 10. h3 d6 11. Nd2 Nc6 12. Bd3 Rac8 13. Ne4 Nxe4 14. Bxe4 f5 15. Bd3
cxd4 16. exd4 Na5 17. d5 Nxc4 18. dxe6 Rce8 19. Bxf5 g6 20. Bg4 Ne5 21. Bh6 Rf6
22. e7 Nf7 23. Bf8 Ne5 24. Qd2 Qc6 25. f3 Bc8 26. Rae1 Qc4 27. Qh6 Rf7 28. Re4
Qc5+ 29. Kh2 Bxg4 30. fxg4 Rexe7 31. Ref4 Rxf4 32. Rxf4 Rf7 33. Rxf7 Kxf7 34.
Qg7+ Ke6 35. Qg8+ Kd7 36. Qxh7+ Kc6 37. Qxa7 Nf3+ 38. Kg3 Qe5+ 39. Kxf3 Qxc3+
40. Ke2 Qc2+ 41. Ke3 Qc3+ 42. Kf2 Qd2+ 43. Kf3 Qc3+ 44. Kf4 Qe5+ 45. Kf3 Qc3+
46. Kf2 Qd2+ 47. Kg3 Qc3+ 48. Kf2 Qd2+ 49. Kf3 Qc3+ 50. Ke4 1/2-1/2

[Event "Mistrzostwa Polski Juniorow do lat 16 - Chlopcy"]
[Site "Jastrzebia Gora"]
[Date "1899-12-30"]
[Round "3.6"]
[White "Zalega, Maciej"]
[Black "Malinowski, Szymon"]
[Result "1-0"]
[WhiteTitle "I++"]
[BlackTitle "I++"]
[WhiteElo "2140"]
[BlackElo "1946"]

1. e4 c6 2. d4 d5 3. f3 e6 4. Nc3 Bb4 5. Bd2 Bxc3 6. Bxc3 dxe4 7. Nh3 exf3 8. Qxf3
Nd7 9. Bd3 Ne7 10. O-O Nf6 11. Nf4 O-O 12. Nh5 Nxh5 13. Qxh5 Ng6 14. Rae1 Qd5
15. Re5 Qd6 16. Rf3 Bd7 17. Rg5 Be8 18. d5 h6 19. dxe6 Qxe6 20. Rxg6 fxg6 21.
Rxf8+ Kxf8 22. Qc5+ 1-0

[Event "Mistrzostwa Polski Juniorow do lat 16 - Chlopcy"]
[Site "Jastrzebia Gora"]
[Date "1899-12-30"]
[Round "3.7"]
[White "Starosciak, Szymon"]
[Black "Grot, Blazej"]
[Result "1/2-1/2"]
[WhiteTitle "I++"]
[BlackTitle "CM"]
[WhiteElo "2037"]
[BlackElo "1862"]

1. Nf3 Nf6 2. c4 e6 3. Nc3 d5 4. e3 c6 5. d4 Nbd7 6. Qc2 Be7 7. b3 b6 8. cxd5 cxd5
9. Bd3 Bb7 10. Bb2 O-O 11. O-O Rc8 12. Rac1 Qc7 13. Qe2 Qb8 14. Ba6 h6 15. Rc2
Rfd8 16. Rfc1 Bf8 17. h3 Be7 18. Bxb7 Qxb7 19. Nb5 a6 20. Ba3 Bxa3 21. Nxa3 Ne4
22. Nb1 Nd6 23. Qd2 Rxc2 24. Rxc2 Rc8 25. Qc1 Rxc2 26. Qxc2 Qc8 27. Qxc8+ Nxc8
28. Kf1 Kf8 29. Ke2 Ke7 30. Nc3 Kd6 1/2-1/2

[Event "Mistrzostwa Polski Juniorow do lat 16 - Chlopcy"]
[Site "Jastrzebia Gora"]
[Date "1899-12-30"]
[Round "3.8"]
[White "Musial, Igor"]
[Black "Dylong, Antoni"]
[Result "1/2-1/2"]
[WhiteTitle "I"]
[BlackTitle "I+"]
[WhiteElo "1825"]
[BlackElo "2034"]

1. e4 e6 2. d4 d5 3. Nd2 Nf6 4. e5 Nfd7 5. Bd3 c5 6. c3 Nc6 7. Ngf3 cxd4 8. cxd4
Qb6 9. O-O Be7 10. Nb3 a5 11. a4 O-O 12. Bg5 Qd8 13. Bxe7 Qxe7 14. Rc1 Nb4 15.
Bb5 Nb8 16. Qe2 N8c6 17. Nfd2 Bd7 18. Nb1 Rfc8 19. Na3 b6 20. f4 Na7 21. Rxc8+
Rxc8 22. Rc1 Rxc1+ 23. Nxc1 Qe8 24. Kf2 Bxb5 25. Nxb5 Nxb5 26. Qxb5 Qxb5 27. axb5
Nc2 28. Ne2 a4 29. Nc3 a3 30. bxa3 Nxa3 31. Ke3 Kf8 1/2-1/2

[Event "Mistrzostwa Polski Juniorow do lat 16 - Chlopcy"]
[Site "Jastrzebia Gora"]
[Date "1899-12-30"]
[Round "3.9"]
[White "Kejna, Piotr"]
[Black "Skrzypinski, Jan"]
[Result "0-1"]
[WhiteTitle "CM"]
[BlackTitle "I"]
[WhiteElo "2027"]
[BlackElo "1688"]

1. e4 c5 2. b3 d6 3. Bb2 Nf6 4. Nc3 Nc6 5. Bb5 Bd7 6. f4 g6 7. Nf3 Bg7 8. Qe2 Nd4
9. Nxd4 cxd4 10. Bxd7+ Nxd7 11. Nd1 O-O 12. Nf2 Rc8 13. O-O-O Qa5 14. a3 b5 15.
Nd3 Qc7 16. Ne1 b4 17. axb4 a5 18. Qb5 axb4 19. d3 Nc5 20. Kd2 d5 21. Ra1 Qxf4+
22. Ke2 dxe4 23. Rf1 Qe3+ 24. Kd1 Nxb3 25. cxb3 Bh6 26. Qxb4 exd3 27. Nxd3 Qxd3+
28. Ke1 Rc2 0-1

[Event "Mistrzostwa Polski Juniorow do lat 16 - Chlopcy"]
[Site "Jastrzebia Gora"]
[Date "1899-12-30"]
[Round "3.10"]
[White "Malek, Jan"]
[Black "Brozynski, Patryk"]
[Result "1-0"]
[WhiteTitle "m"]
[BlackTitle "II+"]
[WhiteElo "2389"]
[BlackElo "1910"]

1. Nf3 c5 2. c4 d6 3. Nc3 g6 4. d4 cxd4 5. Nxd4 Bg7 6. e4 Nc6 7. Be3 Nf6 8. Be2
O-O 9. O-O Bd7 10. Nc2 Rc8 11. Rb1 Ne5 12. b3 Bc6 13. f3 Nfd7 14. Bd4 Nc5 15.
Ne3 Ne6 16. Bxe5 Bxe5 17. Qd2 Qb6 18. Kh1 Bf4 19. Ncd1 f5 20. exf5 Rxf5 21. g3
Bh6 22. Qd3 Rf7 23. Nd5 Bxd5 24. Qxd5 Nd4 25. Nc3 Bg7 26. Qe4 Nxe2 27. Nxe2 Rc5
28. Nf4 Re5 29. Qc2 Qc6 30. Qd3 g5 31. Nd5 e6 32. Nb4 Qb6 33. Nc2 Ref5 34. Rbd1
d5 35. Kg2 dxc4 36. Qxc4 Rc5 37. Qd3 Rd5 38. Qe3 Qc6 39. Nb4 Qd7 40. Nxd5 exd5
41. Rfe1 Qf5 42. Qd3 d4 43. Re8+ Bf8 44. Qxf5 1-0

[Event "Mistrzostwa Polski Juniorow do lat 16 - Chlopcy"]
[Site "Jastrzebia Gora"]
[Date "1899-12-30"]
[Round "3.11"]
[White "Fiszer, Bartosz"]
[Black "Ptaszynski, Szymon"]
[Result "1-0"]
[WhiteTitle "CM"]
[BlackTitle "I"]
[WhiteElo "2232"]
[BlackElo "1764"]

1. e4 e5 2. Nf3 Nf6 3. Nxe5 d6 4. Nf3 Nxe4 5. c4 Nc6 6. d3 Nf6 7. d4 Be7 8. d5
Ne5 9. Nxe5 dxe5 10. Nc3 c6 11. Bd3 Bb4 12. O-O Bxc3 13. bxc3 cxd5 14. Ba3 dxc4
15. Qa4+ Bd7 16. Qxc4 Qa5 17. Qb3 Bc6 18. Bc4 Nd5 19. Bb4 Nxb4 20. Bxf7+ Kf8 21.
cxb4 Qa4 22. Rfe1 Qxb3 23. Bxb3 Re8 24. Rac1 g6 25. Rc5 a6 26. a4 Kg7 27. b5 axb5
28. axb5 Bd7 29. Rc7 Re7 30. Rd1 Rd8 31. b6 Kf8 32. Ba4 Ke8 33. Rxb7 Bxa4 34.
Rxd8+ Kxd8 35. Rxe7 1-0

[Event "Mistrzostwa Polski Juniorow do lat 16 - Chlopcy"]
[Site "Jastrzebia Gora"]
[Date "1899-12-30"]
[Round "3.12"]
[White "Maslanka, Wojciech"]
[Black "Borowik, Wojciech"]
[Result "1-0"]
[WhiteTitle "k"]
[BlackTitle "I++"]
[WhiteElo "2090"]
[BlackElo "1890"]

1. e4 c5 2. Nf3 d6 3. d4 cxd4 4. Nxd4 Nf6 5. Nc3 a6 6. Be2 e5 7. Nb3 Be6 8. f4
Qc7 9. f5 Bc4 10. Bg5 Nbd7 11. Qd2 Rc8 12. O-O-O b5 13. Bxf6 Nxf6 14. Bd3 Be7
15. Kb1 O-O 16. a3 d5 17. Nxd5 Nxd5 18. exd5 Bxd5 19. Rhe1 Rfd8 20. Qe2 Bf6 21.
Be4 Bc4 22. Qf3 Be7 23. Nd2 Bg5 24. Nxc4 Qxc4 25. Bd3 Qc7 26. Re4 Rd4 27. Rxd4
exd4 28. f6 Bxf6 29. Qf5 Kf8 30. Qxh7 g6 31. Rf1 Qe5 32. h4 Rc6 33. g4 Bg7 34.
Bxg6 Rf6 35. Rxf6 Qxf6 36. Bd3 Qe5 37. g5 Qe1+ 38. Ka2 Qe6+ 39. b3 Qg4 40. Kb2
a5 41. Ka2 b4 42. g6 a4 43. gxf7 axb3+ 44. Kxb3 Kxf7 45. axb4 Kf8 46. Qe4 Qg1
47. Qa8+ Ke7 48. Qb7+ Kd6 49. Qb6+ 1-0

[Event "Mistrzostwa Polski Juniorow do lat 16 - Chlopcy"]
[Site "Jastrzebia Gora"]
[Date "1899-12-30"]
[Round "3.13"]
[White "Marek, Grzegorz"]
[Black "Klim, Filip"]
[Result "1/2-1/2"]
[WhiteTitle "I"]
[BlackTitle "k"]
[WhiteElo "1657"]
[BlackElo "2083"]

1. b3 e5 2. Bb2 Nc6 3. e3 Nf6 4. Bb5 Bd6 5. Na3 e4 6. d4 exd3 7. Bxd3 Be5 8. c3
d5 9. Nf3 Bg4 10. Qc2 Bxf3 11. gxf3 a6 12. O-O-O Qe7 13. Nb1 O-O-O 14. f4 Bd6
15. Rhg1 d4 16. exd4 Bxf4+ 17. Nd2 g6 18. h3 Nd5 19. Kb1 Qh4 20. Ne4 Qxh3 21.
a3 Nde7 22. Qe2 Qe6 23. Bc4 Nd5 24. Bxa6 Na5 25. Nc5 Qxe2 26. Bxe2 b6 27. Nd3
Nxb3 28. c4 Nd2+ 29. Rxd2 Bxd2 30. cxd5 Rxd5 31. Kc2 Bh6 32. Ne5 Rf8 33. Bc4 Rd6
34. Kb3 Bg7 35. Nxf7 Rf6 36. Ba6+ Kb8 37. Ne5 Ka7 38. Bc4 Rxf2 39. Nc6+ Kb7 40.
Bd5 R8f5 41. Ne5+ Ka6 42. Be4 R5f4 43. Re1 Rh4 44. Nd3 Rh3 45. Bc3 Rf8 46. Nb4+
Ka7 47. Nc6+ Kb7 48. Nd8+ Kc8 49. Ne6 Rf7 50. Nxg7 Rxg7 51. Bc6 Rg8 52. Bd5 Rxc3+
53. Kxc3 Rd8 54. Bc6 h5 55. Rg1 Rg8 56. Bf3 h4 57. Rg5 Kd8 58. Be4 h3 59. Rxg6
Rh8 60. Rg1 h2 61. Rh1 c5 62. dxc5 bxc5 63. a4 Rh4 64. Kd3 Kc7 65. Ke3 Kb6 66.
Bf3 Rxa4 67. Rxh2 Rd4 68. Be2 Kc6 69. Bf3+ Kb6 70. Rh6+ Kb5 71. Be2+ Kb4 72. Rb6+
Kc3 73. Rb1 Rh4 74. Rc1+ Kb4 75. Kd2 Rd4+ 76. Kc2 c4 77. Rb1+ Kc5 78. Rf1 Rh4
79. Rf2 Kd4 80. Kd2 c3+ 81. Kc2 Ke3 82. Rg2 Rf4 83. Kxc3 Rf2 84. Rxf2 Kxf2 1/2-1/2

[Event "Mistrzostwa Polski Juniorow do lat 16 - Chlopcy"]
[Site "Jastrzebia Gora"]
[Date "1899-12-30"]
[Round "3.14"]
[White "Kubik, Rafal"]
[Black "Ugorek, Kacper"]
[Result "1-0"]
[WhiteTitle "I++"]
[BlackTitle "I"]
[WhiteElo "1995"]
[BlackElo "1650"]

1. e4 d6 2. d4 Nf6 3. Nc3 g6 4. Be3 c6 5. Qd2 b5 6. f3 Nbd7 7. a3 Qc7 8. Nge2 Nb6
9. b3 Bb7 10. Nc1 h5 11. Nd3 Bg7 12. Rd1 a6 13. Ne2 Nfd7 14. Rc1 c5 15. dxc5 dxc5
16. c4 bxc4 17. bxc4 Na4 18. Bf4 Qc6 19. e5 Nf8 20. Rb1 Rd8 21. Qc2 Bc8 22. Be3
Ne6 23. Nc3 Nxc3 24. Qxc3 Nd4 25. Rd1 O-O 26. Be2 Bf5 27. Nxc5 Nc2+ 28. Kf2 Nxe3
29. Qxe3 Rc8 30. Nb3 Qc7 31. Rd5 Be6 32. Rc5 Qb8 33. f4 Bf5 34. Rc1 Rfd8 35. Rxc8
Rxc8 36. Nd4 Bd7 37. c5 a5 38. c6 Be8 39. Bf3 e6 40. Qc3 Bf8 41. c7 Qb6 42. Kg3
Be7 43. h3 Kf8 44. Ne2 Qa7 45. Kh2 a4 46. Ng3 Qb6 47. Ne4 Qa7 48. Nd6 Bxd6 49.
exd6 Kg8 50. Qc5 Qa6 51. Bc6 Kf8 52. d7+ 1-0

[Event "Mistrzostwa Polski Juniorow do lat 16 - Chlopcy"]
[Site "Jastrzebia Gora"]
[Date "1899-12-30"]
[Round "3.15"]
[White "Kusiak, Mateusz"]
[Black "Paszkowski, Krystian"]
[Result "0-1"]
[WhiteTitle "I++"]
[BlackTitle "I++"]
[WhiteElo "1909"]
[BlackElo "1992"]

1. c4 c5 2. Nf3 g6 3. g3 Bg7 4. Bg2 Nc6 5. O-O e5 6. Nc3 Nge7 7. d3 O-O 8. Rb1
a6 9. a3 Rb8 10. b4 cxb4 11. axb4 b5 12. c5 d5 13. cxd6 Qxd6 14. Be3 h6 15. Qc1
Kh7 16. Ne4 Qd8 17. Nc3 Be6 18. Bc5 Qd7 19. Qa3 Ra8 20. Nd2 Rfc8 21. Nb3 Nd5 22.
Nxd5 Bxd5 23. Rfc1 Bxg2 24. Kxg2 Qd5+ 25. f3 f5 26. Rd1 f4 27. Qb2 g5 28. d4 exd4
29. Nxd4 fxg3 30. Qc2+ Kg8 31. Nxb5 Nxb4 32. Rxd5 Nxc2 33. Nd6 Rc7 34. hxg3 Rd8
35. e4 Rc6 36. e5 Bf8 37. Kf2 a5 38. Rb6 Rc7 39. Rb5 Nb4 40. Rd2 Nc6 41. Bb6 Bxd6
42. Rc2 Nd4 43. Rxc7 Bxc7 44. Bxc7 Nxb5 45. Bxd8 a4 46. e6 Nd4 47. Ke3 Nxe6 48.
Be7 Kf7 49. Bb4 h5 50. Kd3 Kg6 51. Kc4 h4 52. gxh4 gxh4 53. Bd6 Kf5 54. Bh2 Ng5
55. Kb4 Nxf3 56. Bc7 Ne5 0-1

[Event "Mistrzostwa Polski Juniorow do lat 16 - Chlopcy"]
[Site "Jastrzebia Gora"]
[Date "1899-12-30"]
[Round "3.16"]
[White "Gbiorczyk, Mikolaj"]
[Black "Kutowski, Marcel"]
[Result "0-1"]
[WhiteTitle "I+"]
[BlackTitle "I++"]
[WhiteElo "1853"]
[BlackElo "2070"]

1. e4 c5 2. Nf3 d6 3. d4 cxd4 4. Nxd4 Nf6 5. Nc3 a6 6. h4 e5 7. Nb3 Be7 8. Be2
Be6 9. f4 exf4 10. Bxf4 Nc6 11. Qd2 Ne5 12. O-O-O O-O 13. g4 Nexg4 14. Bxg4 Bxg4
15. Rdg1 h5 16. Nd4 d5 17. Bh6 gxh6 18. Qxh6 Re8 19. e5 Bf8 20. Rxg4+ Nxg4 21.
Qxh5 Nxe5 22. Nxd5 Qxd5 23. Rg1+ Bg7 24. Qg5 Nd3+ 25. cxd3 Qxd4 0-1

[Event "Mistrzostwa Polski Juniorow do lat 16 - Chlopcy"]
[Site "Jastrzebia Gora"]
[Date "1899-12-30"]
[Round "3.17"]
[White "Lonski, Aleksander"]
[Black "Pancewicz, Szymon"]
[Result "1-0"]
[WhiteTitle "I"]
[BlackTitle "I+"]
[WhiteElo "1707"]
[BlackElo "1909"]

1. e4 c5 2. c4 Nc6 3. Ne2 e6 4. Nbc3 Nge7 5. d4 cxd4 6. Nxd4 Nxd4 7. Qxd4 Nc6 8.
Qd1 Be7 9. Be2 O-O 10. O-O d6 11. Be3 b6 12. Qd2 Bb7 13. Rad1 Qc8 14. b3 Rd8 15.
f4 Bf8 16. Bg4 Rb8 17. Bh3 Kh8 18. f5 Ne5 19. Bd4 Re8 20. fxe6 fxe6 21. Qg5 Qc6
22. Qg3 h6 23. Bg4 Nxg4 24. Qxg4 e5 25. Be3 Qc8 26. Qg6 Rd8 27. Rf7 Rd7 28. Rdf1
Bc6 29. Bxh6 Rxf7 30. Rxf7 1-0

[Event "Mistrzostwa Polski Juniorow do lat 16 - Chlopcy"]
[Site "Jastrzebia Gora"]
[Date "1899-12-30"]
[Round "3.18"]
[White "Nowak, Filip"]
[Black "Murawski, Milosz"]
[Result "1-0"]
[WhiteTitle "I"]
[BlackTitle "I"]
[WhiteElo "1893"]
[BlackElo "1691"]

1. e4 c5 2. Nf3 d6 3. d4 cxd4 4. Nxd4 Nf6 5. Nc3 a6 6. Be3 e5 7. Nb3 Be7 8. f3
Be6 9. Qd2 Nbd7 10. g4 Nc5 11. O-O-O Nxb3+ 12. axb3 Qa5 13. Kb1 O-O-O 14. g5 Nh5
15. Qf2 Qc7 16. Bb6 Qc6 17. b4 Bc4 18. Bxc4 Qxc4 19. Bxd8 Rxd8 20. Nd5 Kb8 21.
Nxe7 Nf4 22. Nd5 1-0

[Event "Mistrzostwa Polski Juniorow do lat 16 - Chlopcy"]
[Site "Jastrzebia Gora"]
[Date "1899-12-30"]
[Round "3.19"]
[White "Przybylski, Bartosz"]
[Black "Szymkiewicz, Witold"]
[Result "1/2-1/2"]
[WhiteTitle "I"]
[BlackTitle "I+"]
[WhiteElo "1868"]
[BlackElo "1754"]

1. e4 c6 2. d4 d5 3. f3 dxe4 4. fxe4 e5 5. Nf3 Bg4 6. c3 Nf6 7. Bc4 Qc7 8. O-O
Bd6 9. h3 Bxf3 10. Qxf3 Nbd7 11. Be3 O-O-O 12. Nd2 Rdf8 13. b4 Rhg8 14. Nb3 g5
15. Qf5 Nh5 16. Qg4 Nf4 17. dxe5 Bxe5 18. Nc5 b5 19. Bxf4 gxf4 20. Qf5 bxc4 21.
Rad1 Rd8 22. Rxd7 Rxd7 23. Rd1 Rgd8 24. Nxd7 Rxd7 25. Rxd7 Qxd7 26. Qxe5 Qd3 27.
a4 Qe3+ 28. Kh2 Qg3+ 29. Kg1 Qe1+ 30. Kh2 Qg3+ 31. Kg1 1/2-1/2

[Event "Mistrzostwa Polski Juniorow do lat 16 - Chlopcy"]
[Site "Jastrzebia Gora"]
[Date "1899-12-30"]
[Round "3.20"]
[White "Trzebinski, Patryk"]
[Black "Sliz, Karol"]
[Result "1-0"]
[WhiteTitle "I++"]
[BlackTitle "I"]
[WhiteElo "1826"]
[BlackElo "1672"]

1. e4 c6 2. d4 d5 3. e5 Bf5 4. Nc3 e6 5. g4 Bg6 6. Nge2 c5 7. h4 h5 8. Nf4 Bh7
9. Nxh5 cxd4 10. Nb5 Nc6 11. Nxd4 Qb6 12. Nxc6 bxc6 13. Bd3 Bxd3 14. Qxd3 Qb4+
15. Bd2 Qxg4 16. Ng3 Bc5 17. Qc3 Qd4 18. b4 Qxc3 19. Bxc3 Bb6 20. Ke2 Ne7 21.
h5 O-O-O 22. Rh4 Rh7 23. Rf4 g6 24. h6 Nf5 25. Rh1 Rdh8 26. Nxf5 exf5 27. Rfh4
Bd8 28. R4h3 Bg5 29. Bd2 Be7 30. Kd3 Kd7 31. Kd4 Ke6 32. Ra3 Bd8 33. c4 dxc4 34.
Kxc4 Bb6 35. Bg5 Bd8 36. Bxd8 Rxd8 37. Rxa7 Kxe5 38. Kc5 Rb8 39. a4 g5 40. Rc7
g4 41. Rxc6 f4 42. Re1+ Kf5 43. a5 g3 44. fxg3 fxg3 45. a6 Kg4 46. b5 g2 47. a7
Ra8 48. b6 f5 49. Rg6+ Kf3 50. Rg1 f4 51. R1xg2 Ke3 52. Rg8 Raxa7 53. bxa7 Rxa7
54. R2g7 Ra5+ 55. Kb4 Rf5 56. h7 f3 57. h8=Q Rf4+ 58. Kc3 f2 59. Re7+ Re4 60.
Qd4+ 1-0

[Event "Mistrzostwa Polski Juniorow do lat 16 - Chlopcy"]
[Site "Jastrzebia Gora"]
[Date "1899-12-30"]
[Round "3.21"]
[White "Wandor, Adam"]
[Black "Duda, Szymon"]
[Result "0-1"]
[WhiteTitle "II+"]
[BlackTitle "I+"]
[WhiteElo "1641"]
[BlackElo "1768"]

1. e4 e5 2. Nf3 Nc6 3. Bb5 a6 4. Ba4 Nf6 5. O-O b5 6. Bb3 Be7 7. Re1 O-O 8. d4
d6 9. Bd5 Nxd5 10. exd5 Nxd4 11. Nxd4 exd4 12. Qxd4 Bf6 13. Qd3 Re8 14. Rd1 Qe7
15. h3 g6 16. c3 Bf5 17. Qf1 Qe2 18. Na3 Rab8 19. Qxe2 Rxe2 20. Bd2 Rbe8 21. Re1
Bd3 22. Rac1 Rxe1+ 23. Bxe1 b4 24. Nb1 Re2 25. Nd2 Bg5 26. cxb4 Bxd2 27. Bxd2
Rxd2 28. Rxc7 Rd1+ 29. Kh2 Bb5 30. b3 Rxd5 31. a4 Be2 32. Rc2 Bd3 33. Rd2 Be4
34. Re2 Bf5 35. g4 Be6 36. Rc2 Rd4 37. Rc6 Rxb4 38. Rxd6 Bxb3 39. Rxa6 Rxa4 40.
Rb6 Ra3 41. f4 Kg7 42. Rb4 Be6 43. Rd4 h5 44. f5 gxf5 45. gxh5 Kh6 46. Rf4 Kxh5
47. Rd4 Kg5 48. h4+ Kh5 49. Rb4 Re3 50. Rb8 Kxh4 51. Rg8 Re2+ 52. Kg1 Re4 53.
Kf2 Rg4 54. Rh8+ Kg5 55. Rh3 Rf4+ 56. Ke3 Rh4 57. Rg3+ Rg4 58. Rf3 Bd5 59. Rh3
Re4+ 60. Kf2 Rh4 0-1

[Event "Mistrzostwa Polski Juniorow do lat 16 - Chlopcy"]
[Site "Jastrzebia Gora"]
[Date "1899-12-30"]
[Round "3.22"]
[White "Stepinski, Piotr"]
[Black "Rozek, Michal"]
[Result "1/2-1/2"]
[WhiteTitle "I"]
[BlackTitle "I"]
[WhiteElo "1759"]
[BlackElo "1591"]

1. e4 e5 2. Nf3 Nc6 3. d4 exd4 4. Nxd4 Nf6 5. Nxc6 bxc6 6. e5 Qe7 7. Qe2 Nd5 8.
c4 Ba6 9. g3 g6 10. b3 Bg7 11. Bb2 O-O 12. Bg2 Rae8 13. O-O Bxe5 14. Qxe5 Qxe5
15. Bxe5 Rxe5 16. cxd5 Bxf1 17. Kxf1 cxd5 18. Na3 c6 19. Re1 Rxe1+ 20. Kxe1 Re8+
21. Kd2 Kf8 22. Nc2 Ke7 23. f4 Kd6 24. b4 Rb8 25. Bf1 f6 26. Kc3 Re8 27. Bd3 f5
28. Kd4 Rb8 29. a3 a5 30. h3 axb4 31. axb4 h5 32. h4 Re8 33. Kc3 Kc7 34. Kd4 Kd6
35. Kc3 c5 36. bxc5+ Kxc5 37. Kd2 d4 38. Be2 Rb8 39. Ne1 Rb2+ 40. Kd1 Rb1+ 41.
Kd2 Rb2+ 42. Kd1 Kd5 43. Nd3 Rb1+ 44. Ne1 Rb2 45. Bd3 Rh2 1/2-1/2

[Event "Mistrzostwa Polski Juniorow do lat 16 - Chlopcy"]
[Site "Jastrzebia Gora"]
[Date "1899-12-30"]
[Round "3.23"]
[White "Wierzbicki, Dawid"]
[Black "Kazmierowski, Tymon"]
[Result "1/2-1/2"]
[WhiteTitle "I"]
[BlackTitle "I++"]
[WhiteElo "1766"]
[BlackElo "1998"]

1. d4 Nf6 2. Nf3 e6 3. e3 d5 4. c4 c5 5. Nc3 Nc6 6. Be2 dxc4 7. Bxc4 a6 8. O-O
b5 9. Bb3 Bb7 10. Bc2 Be7 11. dxc5 Bxc5 12. a3 O-O 13. b4 Bb6 14. Bb2 Qe7 15.
Ne4 Nxe4 16. Bxe4 Rac8 17. Qb3 Rfd8 18. Rfd1 Ba7 19. h3 h6 20. Rac1 Na5 21. Rxd8+
Qxd8 22. Rxc8 Qxc8 23. Bxb7 Nxb7 24. Qd3 Qc7 25. Be5 Qe7 26. Qe4 f6 27. Bg3 Qd7
28. Nh4 Nd8 29. Ng6 Kf7 30. Nh8+ Kg8 31. Ng6 Kf7 1/2-1/2

[Event "Mistrzostwa Polski Juniorow do lat 16 - Chlopcy"]
[Site "Jastrzebia Gora"]
[Date "1899-12-30"]
[Round "3.24"]
[White "Stanislawski, Karol"]
[Black "Jaworski, Tymon"]
[Result "1-0"]
[WhiteTitle "I"]
[BlackTitle "I+"]
[WhiteElo "1844"]
[BlackElo "1825"]

1. d4 d5 2. Nf3 Nf6 3. g3 e6 4. Bg2 c5 5. O-O Nc6 6. c4 dxc4 7. Ne5 Nxe5 8. dxe5
Qxd1 9. Rxd1 Nd7 10. Na3 Rb8 11. Nxc4 Be7 12. Bf4 b6 13. Bc6 Kd8 14. Nd6 Bxd6
15. Rxd6 Kc7 16. Rad1 Nf8 17. b4 Bb7 18. Bxb7 Rxb7 19. Be3 c4 20. b5 Ng6 21. Rc6+
Kb8 22. Rxc4 Rc8 23. Rxc8+ Kxc8 24. Rc1+ Rc7 25. Rxc7+ Kxc7 26. Bd4 Nf8 27. Kf1
Nd7 28. Ke1 Kb7 29. Kd2 Kc7 30. Kd3 Kd8 31. Ke4 Ke7 32. h4 Ke8 33. g4 Ke7 34.
f4 Ke8 35. f5 Kf8 36. h5 Ke8 37. a4 Kf8 38. a5 Ke8 39. Kf4 Kf8 40. Kg5 Kg8 41.
Kf4 Kf8 42. axb6 axb6 43. Bc3 Ke8 44. Bb4 Kd8 45. Bd6 Ke8 46. Kg5 Kd8 47. f6 h6+
48. Kf4 gxf6 49. exf6 Nxf6 50. Bf8 Ng8 51. g5 Kd7 52. Bxh6 f6 53. Bf8 e5+ 54.
Kf5 fxg5 55. h6 Nxh6+ 56. Bxh6 Kd6 57. Bxg5 Kc5 58. Kxe5 Kxb5 59. Kd5 Ka4 60.
e4 b5 61. Be7 b4 1-0

[Event "Mistrzostwa Polski Juniorow do lat 16 - Chlopcy"]
[Site "Jastrzebia Gora"]
[Date "1899-12-30"]
[Round "4.1"]
[White "Klimkowski, Jan"]
[Black "Zalega, Maciej"]
[Result "1-0"]
[WhiteTitle "FM"]
[BlackTitle "I++"]
[WhiteElo "2481"]
[BlackElo "2140"]

1. d4 Nf6 2. c4 g6 3. Nc3 Bg7 4. e4 d6 5. Be2 O-O 6. Be3 e5 7. d5 Na6 8. h4 Nc5
9. Qc2 c6 10. Bxc5 dxc5 11. h5 cxd5 12. h6 Bh8 13. Nxd5 Be6 14. Nf3 Bxd5 15. cxd5
Qa5+ 16. Nd2 Ne8 17. O-O Nd6 18. Rac1 Rac8 19. Nc4 Qd8 20. Bg4 Rc7 21. Nxd6 Qxd6
22. Qc4 Bf6 23. b4 b6 24. bxc5 bxc5 25. Rc3 Rb8 26. Rb3 Rcb7 27. Rxb7 Rxb7 28.
Qa4 Qf8 29. Qa6 Rb6 30. Qxa7 Rb4 31. a3 Rxe4 32. Rb1 Bd8 33. Qd7 c4 34. Bf3 Rh4
35. g3 1-0

[Event "Mistrzostwa Polski Juniorow do lat 16 - Chlopcy"]
[Site "Jastrzebia Gora"]
[Date "1899-12-30"]
[Round "4.2"]
[White "Skrzypinski, Jan"]
[Black "Dziewonski, Dariusz"]
[Result "1/2-1/2"]
[WhiteTitle "I"]
[BlackTitle "k"]
[WhiteElo "1688"]
[BlackElo "2237"]

1. e4 e5 2. Nf3 Nc6 3. Bc4 Bc5 4. O-O Nf6 5. d4 exd4 6. e5 d5 7. exf6 dxc4 8. fxg7
Rg8 9. Bg5 Be7 10. Bxe7 Nxe7 11. Qxd4 Qxd4 12. Nxd4 Rxg7 13. Kh1 Bf5 14. Nxf5
Nxf5 15. Re1+ Kf8 16. Na3 Nd6 17. c3 Rg5 18. Nc2 Rb5 19. Rab1 Re8 20. Rxe8+ Kxe8
21. Kg1 Kf8 22. f3 Ra5 23. a3 Rd5 24. Kf1 Nf5 25. Ke2 Re5+ 26. Kf2 Rd5 27. Ke2
Re5+ 28. Kf2 Rb5 29. g4 Ne7 30. Ne3 Nd5 31. Nxd5 Rxd5 32. Re1 Kg7 33. Re2 Kf6
34. Kg3 b5 35. h4 h6 36. Kf4 c5 37. Kg3 a5 38. Kf4 Rd3 39. Re4 Rd2 40. a4 b4 41.
Rxc4 Rxb2 42. Rxc5 bxc3 43. Rxc3 Rb4+ 44. Kg3 Rxa4 45. Rc6+ Kg7 46. Ra6 1/2-1/2

[Event "Mistrzostwa Polski Juniorow do lat 16 - Chlopcy"]
[Site "Jastrzebia Gora"]
[Date "1899-12-30"]
[Round "4.3"]
[White "Janeczko, Jakub"]
[Black "Rog, Bartlomiej"]
[Result "1-0"]
[WhiteTitle "I++"]
[BlackTitle "k"]
[WhiteElo "2221"]
[BlackElo "2127"]

1. e4 d6 2. d4 Nf6 3. Nc3 g6 4. f4 Bg7 5. Nf3 O-O 6. Be3 b6 7. Qd2 Bb7 8. Bd3 e6
9. O-O-O c5 10. h3 Nbd7 11. e5 Nd5 12. exd6 Nxc3 13. Qxc3 Rc8 14. Ne5 cxd4 15.
Qxd4 Bxg2 16. Rhe1 Rc5 17. Be4 Nxe5 18. Bxg2 Nf3 19. Qe4 Nxe1 20. Bxc5 bxc5 21.
Qxe1 Qf6 22. c3 Qxf4+ 23. Qd2 Qa4 24. Qg5 Qc4 25. d7 h6 26. Qe7 Bxc3 27. Qxf8+
1-0

[Event "Mistrzostwa Polski Juniorow do lat 16 - Chlopcy"]
[Site "Jastrzebia Gora"]
[Date "1899-12-30"]
[Round "4.4"]
[White "Dylong, Antoni"]
[Black "Malek, Jan"]
[Result "1/2-1/2"]
[WhiteTitle "I+"]
[BlackTitle "m"]
[WhiteElo "2034"]
[BlackElo "2389"]

1. e4 e5 2. Nf3 Nc6 3. Bb5 a6 4. Ba4 Nf6 5. O-O b5 6. Bb3 Bc5 7. Nxe5 Nxe5 8. d4
Bxd4 9. Qxd4 d6 10. f4 c5 11. Qd1 Ned7 12. c4 Bb7 13. Qxd6 Nxe4 14. Re1 Qh4 15.
g3 Qf6 16. Qxf6 Ndxf6 17. Nc3 b4 18. Nxe4 Nxe4 19. Bc2 f5 20. Be3 O-O-O 21. Rad1
Rhe8 22. Rxd8+ Rxd8 23. Bxe4 Bxe4 24. Kf2 Kb7 25. Bxc5 a5 26. Be3 Kc6 27. Rc1
Rd6 28. Re1 Rh6 29. Kg1 Rd6 30. Kf2 Rh6 31. Kg1 Rd6 1/2-1/2